India's: (Record no. 171172)

MARC details
000 -LEADER
fixed length control field 00723nam a22002297a 4500
005 - DATE AND TIME OF LATEST TRANSACTION
control field 20210909122733.0
010 ## - LCCN (DPL NO)
LC control number ENG-127292
020 ## - INTERNATIONAL STANDARD BOOK NUMBER
Terms of availability 995.00
International Standard Book Number 9789353282684
035 ## - SYSTEM CONTROL NUMBER
System control number EN-110824
037 ## - SOURCE OF ACQUISITION
Source of stock number/acquisition DBAD/PUB.
082 ## - DEWEY DECIMAL CLASSIFICATION NUMBER
Classification number 327.5405
100 ## - MAIN ENTRY--PERSONAL NAME
Personal name Muni,s.d
245 ## - TITLE STATEMENT
Title India's:
Remainder of title Eastward Engagement /
Statement of responsibility, etc by S.D Muni (and) Rahul Mishra .
260 ## - PUBLICATION, DISTRIBUTION, ETC. (IMPRINT)
Place of publication, distribution, etc New Delhi
Name of publisher, distributor, etc Sage Publications India .
Date of publication, distribution, etc 2019
270 ## - ADDRESS
Address B1/I-1, Mohan Cooperative Industrial Area Mathura Road Post Bag 7
City New Delhi
Postal code 110044
300 ## - PHYSICAL DESCRIPTION
Extent xiv,329p.
Dimensions 22cm.(hb)
500 ## - GENERAL NOTE
General note It includes index
700 ## - ADDED ENTRY--PERSONAL NAME
Personal name Aneesh Kumar P.
700 ## - ADDED ENTRY--PERSONAL NAME
Personal name George, Tony Sam
700 ## - ADDED ENTRY--PERSONAL NAME
Personal name Sudhesh N.T.
942 ## - ADDED ENTRY ELEMENTS (KOHA)
Source of classification or shelving scheme Dewey Decimal Classification
Item type English Books
Call number suffix MUN
Classification part 327.5405
Holdings
Withdrawn status Lost status Not for loan Collection code Home library Current library Date acquired Source of acquisition Cost, normal purchase price Full call number Barcode Copy number Cost, replacement price Koha item type
      Non-fiction Sarojini Nagar Sarojini Nagar 08/01/2020 DBAD/PUB 995.00 327.5405 SDM EN-110824 1 995.00 English Books

© Delhi Public Library
Hit Counter
free hit counter